Statistics for "Little Talks" Lyrics

Click here to take the quiz!

General Stats

  • This quiz has been taken 1,323 times
  • The average score is 20 of 24

Answer Stats

Hint Answer % Correct
I don't like walking around this old and _____ houseempty
96%
Well tell her that I miss our ______ _____little talks
93%
This ____ will carry ourship
91%
This ____ will carry ourship
91%
It's the _____ telling you to close your eyeshouse
91%
This ____ will carry ourship
91%
Your ____ is playing tricks on you, my dearmind
89%
______ safe to shoreBodies
88%
______ safe to shoreBodies
88%
Some days I don't know if I am _____ or rightwrong
88%
______ safe to shoreBodies
88%
It's _______ me to see you this waykilling
86%
Don't ______ to a word I saylisten
85%
So ____ __ ____, I'll walk with you my dearhold my hand
84%
There's an old _____ in my head that's holding me backvoice
83%
The ______ creak as you sleep, it's keeping me awakestairs
80%
'Cause though the truth may ____vary
79%
And though the truth may ____vary
79%
'Cause though the truth may ____vary
79%
And full of ____ and full of ____life, love
77%
Soon it will be over and buried with our ____past
73%
The _______ all sound the samescreams
70%
Some days I can't even _____ ______trust myself
70%
We used to ____ _______ when we were youngplay outside
64%

Score Distribution

Percentile by Number Answered

Percent of People with Each Score

Your Score History

You have not taken this quiz